Les pays ayant le plus de surface en parc national - Statistiques

Statistiques générales
  • Ce quiz a été pris 87 fois
  • Le résultat moyen est 20 sur 32
Statistiques - réponses
Hint Réponse % Correct
AMERIQUE 70 parcs 3 % Brésil
94%
AMERIQUE 43 parcs 3.8 % Canada
92%
EUROPE 11 parcs 4 % France
92%
AMERIQUE 37 parcs 20 % Chili
80%
OCEANIE 685 parcs 4.4 % Australie
77%
OCEANIE 14 parcs 9 % Nouvelle-Zélande
77%
AMERIQUE 14 parcs 7 % Pérou
77%
AMERIQUE 59 parcs 12.5 % Colombie
76%
AMERIQUE 11 parcs 12.2 % Equateur
75%
ASIE 30 parcs 5.5 % Japon
75%
EUROPE 39 parcs 8.8 % Norvège
75%
AMERIQUE 13 parcs 6 % Bolivie
72%
AMERIQUE 43 parcs 22 % Venezuela
72%
AFRIQUE 19 parcs 3.3 % Afrique-du-Sud
70%
EUROPE 8 parcs 7.5 % Croatie
62%
EUROPE 1 parcs 4.3 % Slovénie
62%
AMERIQUE 26 parcs 25.1 % Costa Rica
61%
EUROPE 15 parcs 8 % Royaume-Uni
61%
ASIE 138 parcs 12 % Thaïlande
61%
EUROPE 3 parcs 14 % Islande
59%
AFRIQUE 9 parcs 10.5 % RD Congo
58%
EUROPE 9 parcs 6.5 % Slovaquie
57%
ASIE 7 parcs 4.1 % Cambodge
54%
ASIE 21 parcs 6.7 % Corée-du-Sud
54%
ASIE 21 parcs 14 % Laos
54%
AFRIQUE 11 parcs 3 % Maroc
52%
AFRIQUE 11 parcs 7.8 % Algérie
51%
EUROPE 15 parcs 13.6 % Albanie
41%
ASIE 5 parcs 40 % Bhoutan
37%
EUROPE 2 parcs 10.7 % Kosovo
35%
AFRIQUE 8 parcs 3 % Nigeria
34%
AFRIQUE 13 parcs 10 % Gabon
28%
Aucun quiz correspondant
Distribution des résultats
% des personnes avec chaque résultat
Percentile par nombre de réponses
Votre historique - résultats
Vous n’avez pas pris ce quiz